| 000 | 01036nam a2200289 i 4500 | ||
|---|---|---|---|
| 001 | 000003283 | ||
| 003 | DO-SdBNP | ||
| 005 | 20250602111646.0 | ||
| 007 | ta | ||
| 008 | 250602s2011 dr acd 001 0 spa d | ||
| 040 |
_aDO-SdBNP _bspa _cBNPHU _erda |
||
| 041 | _hspa | ||
| 082 |
_a353.5 _bR426m _222 |
||
| 110 | 1 |
_aRepública Dominicana. _bConsejo Nacional de Seguridad Social _91150 |
|
| 245 | 1 | 0 |
_aMemorias 2001-2011 : _bdiez años de impulso |
| 264 |
_aSanto Domingo : _bConsejo Nacional de Competitividad, _c2011 |
||
| 300 |
_a85 páginas. : _bilustraciones. ; _c28 cm. |
||
| 336 |
_ardacontent _btexto _2txt |
||
| 337 |
_ardamedia _bsin mediación _2n |
||
| 338 |
_ardacarrier _bvolumen _2nc |
||
| 590 | _aInventariado, 2025/DG | ||
| 650 | 4 |
_aSeguridad social _zRepública Dominicana _xMemorias e informes _910336 |
|
| 650 | 4 |
_aInstituciones públicas _zRepública Dominicana _xMemorias e informes _91285 |
|
| 651 | 4 |
_aRepública Dominicana _xAdministración Pública _xMemorias E Informes _91286 |
|
| 910 | _aDG | ||
| 942 |
_2ddc _cLBS1 |
||
| 999 |
_c59116 _d59116 |
||